| 000 | 00631nam a22001937a 4500 | ||
|---|---|---|---|
| 003 | Nust | ||
| 005 | 20241030162047.0 | ||
| 008 | 170216b xxu||||| |||| 00| 0 eng d | ||
| 040 | _cNust-MCE | ||
| 082 | _a200 | ||
| 100 |
_aJaffar, Junaid Bin _950737 |
||
| 245 |
_aProspects of sustainable building in Pakistan _bA case study of Risalpur _c Junaid Bin Jaffar |
||
| 260 |
_aRisalpur, _bMCE (NUST), _c2014. |
||
| 300 |
_a78p. _bill. _c28cm. |
||
| 650 | _2MS-Construction Engineering and Management | ||
| 700 | _4Supervisor:Dr.Abdul Qudoos Khan | ||
| 856 | _uhttp://10.250.8.41:8080/xmlui/handle/123456789/11821 | ||
| 942 |
_cSC _2ddc |
||
| 999 |
_c232168 _d232168 |
||